Keptusan² sidang pleno ke-III CC PKI (Record no. 60278)

MARC details
000 -LEADER
fixed length control field 00624cam a22002171 4500
001 - CONTROL NUMBER
control field sa 64007468
003 - CONTROL NUMBER IDENTIFIER
control field DLC
005 - DATE AND TIME OF LATEST TRANSACTION
control field 20260227112047.0
008 - FIXED-LENGTH DATA ELEMENTS--GENERAL INFORMATION
fixed length control field 750124s1962 xx 000 0 ind
010 ## - LIBRARY OF CONGRESS CONTROL NUMBER
LC control number sa 64007468
035 ## - SYSTEM CONTROL NUMBER
System control number (OCoLC)1151201
040 ## - CATALOGING SOURCE
Original cataloging agency DLC
Transcribing agency OAU
Modifying agency DLC
042 ## - AUTHENTICATION CODE
Authentication code premarc
050 00 - LIBRARY OF CONGRESS CALL NUMBER
Classification number JQ779.A55
Item number A55
110 2# - MAIN ENTRY--CORPORATE NAME
Corporate name or jurisdiction name as entry element Partai Komunis Indonesia.
Subordinate unit Comite Central.
245 10 - TITLE STATEMENT
Title Keptusan² sidang pleno ke-III CC PKI
Remainder of title (30-31 Desember 1961)
260 ## - PUBLICATION, DISTRIBUTION, ETC.
Place of publication, distribution, etc. Djakarta,
Name of publisher, distributor, etc. Jajasan Pembaruan,
Date of publication, distribution, etc. 1962.
300 ## - PHYSICAL DESCRIPTION
Extent 61 p.
Dimensions 13 cm.
500 ## - GENERAL NOTE
General note "Ralat": slip inserted.
610 20 - SUBJECT ADDED ENTRY--CORPORATE NAME
Corporate name or jurisdiction name as entry element Partai Komunis Indonesia.

No items available.

Powered by Koha